000 01437cam a2200421 a 4500
001 8348
003 FISKH
005 20250910082851.0
008 020617s2003 nyua b 000 1 eng
010 _a 2002009213
020 _a038574630X
_qhardcover
020 _a0385908563
_qlibrary binding
020 _a9780385908566
_q(library binding)
040 _aDLC
_cDLC
_dDLC
_beng
050 _aPZ7.T3765 S
082 _a823
100 1 _aThomson, Pat,
_d1939-
245 1 4 _aThe squeaky, creaky bed /
_cby Pat Thomson ; illustrated by Niki Daly.
260 _aNew York :
_bRandom House Children's Books,
_c2003.
300 _a32 unnumbered pages :
_bcolor illustrations ;
_c22 x 28 cm.
336 _atext
_btxt
_2rdacontent
337 _aunmediated
_bn
_2rdamedia
338 _avolume
_bnc
_2rdacarrier
500 _a"A Doubleday Book for Young Readers."
505 _aJ
520 _aA cumulative tale about a little boy who cannot fall asleep in the noisy old bed at his grandparents' house.
521 8 _a500
_bLexile estimate
521 8 _aJ
_bRaz-Plus
650 1 _aBeds
_vFiction.
650 1 _aNoise
_vFiction.
650 1 _aAnimals
_vFiction.
650 1 _aGrandparents
_vFiction.
655 7 _aFiction.
_2lcgft
_0https://id.loc.gov/authorities/genreForms/gf2014026339
700 1 _aDaly, Niki,
_eillustrator
906 _a7
_bcbc
_corignew
_d1
_eecip
_f20
_gy-gencatlg
942 _2ddc
_cBK
_n0
999 _c8348
_d8348